000 00787nam a2200289Ia 4500
001 13432
003 IT-RoPAU
008 130308s9999 xx 000 0 und d
040 _aIT-RoPAU
040 _cIT-RoPAU
041 _aITALIANO
100 _aCasetti Francesco
100 _gCodice Aut. SPICS: 8350
245 _aCinema russo prima e dopo la rivoluzione (Il)
245 _bStoria del Cinema-1-Dalle Origini all'avvento del Sonoro
250 _a1a ed.
260 _aVENEZIA
260 _bMarsilio
260 _c1978 [1° Ed.:1978 - Ed.Ling.Originale:1978]
300 _a"13 p. (prefazione: no ; testo: 13 [pagine: 153-165])"
650 _aSTORIA DEL CINEMA
650 _eCodice materia Spics: 6808
942 _cBK
957 _71
999 _c53529
_d53529
999 _bSI
999 _g1